000 03535cam a22003014a 4500
001 16210728
003 ASAB
005 20180827062657.0
008 100427s2010 maua b 001 0 eng
010 _a 2010016962
020 _a81-239-1097-5
035 _a(DNAL)1054266
040 _aDNAL/DLC
_cASAB
_dDLC
042 _apcc
050 0 0 _aTP248.27.P55
_bM436 2010
070 0 _aTP248.27.P55
_bM43 2010
082 0 0 _a615/.32
_222
245 0 0 _aMedicinal plant biotechnology /
_cciddi veersham
300 _axv,506 p. :
_bill. ;
_c26 cm.
504 _aIncludes bibliographical references and index.
505 0 _aEmerging trends in medicinal plant biotechnology / Rajesh Arora, Archana Mathur and Ajay K. Mathur -- Medicinal compounds produced in plant cell factories / Suvi T. Häkkinen and Anneli Ritala -- Biotechnological characterization of different populations of an endangered medicinal herb- Podophyllum hexandrum Royle / Hemant Lata and Suman Chandra -- Traditional and biotechnological strategies for conservation of Podophyllum hexandrum Royle : a case study / Amit C. Kharkwal ... [et al.] -- Microsatellite markers: potential and opportunities in medicinal plants / Atul Grover, Ankit Jain and P.C. Sharma -- In vitro-propagation of medicinal plants for conservation and quality assurance / Chris Wawrosch -- Propagation of elite Cannabis sativa L. for the production of 9-tetrahydrocannabinol (THC) using biotechnological tools / Suman Chandra ... [et al.] -- In vitro saponin production in plant cell and tissue cultures / Archana Mathur and Ajay K. Mathur -- Podophyllotoxin and related lignans: biotechnological production by in vitro plant cell cultures / Iliana Ionkova -- Hairy root culture: copying nature in new bioprocesses / M. Georgiev, Jutta Ludwig-Müller and Thomas Bley -- Genetic transformation of Catharanthus roseus (L.) G. Don. for augmenting secondary metabolite production / Rajesh Arora ... [et al.] -- Podophyllum endophytic fungi / John R. Porter -- Biotechnology of Himalayan Vinca major and Vinca minor / Rajesh Arora ... [et al.] -- Analytical platforms and databases ranging from plant transcriptomics to metabolomics / Tetsuya Sakurai, Kenji Akiyama and Kazuki Saito -- Docking-based virtual screening of anticancer drugs / Feroze Khan, Abha Meena and Ashok Sharma -- Population structure and molecular characterization of Podophyllum hexandrum of the northwestern Himalayas / Pradeep K. Naik, Shri Ram and Harvinder Singh -- Plant virus vector systems for the production and delivery of biopharmaceuticals / Rofina Yasmin Othman and Noor Hasima Nagoor -- Novel medicinal plants for the production and delivery of vaccines / Simone Reichwein and H. Warzecha -- Noscapinoids: a new class of anti-cancer drugs demand biotechnological intervention / Harish C. Joshi ... [et al.] -- Recent developments in biotechnology and chemistry of Podophyllum / Abha Chaudhary, Bikram Singh and Paramvir Singh Ahuja -- Plant-derived recombinant Griffithsin: a protein with potent broad spectrum inhibitory effects against enveloped viruses / J. Calvin Kouokam and Kenneth E. Palmer -- Camptothecins : SAR, QSAR, and biotechnology / Rajeshwar P. Verma.
650 0 _aMedicinal plants
_xBiotechnology.
_92127
700 1 _aArora, Rajesh.
_92128
710 2 _aC.A.B. International.
_92129
906 _a7
_bcbc
_corignew
_d1
_eecip
_f20
_gy-gencatlg
942 _2ddc
_cBK
999 _c480229
_d480229